000 00940nam a2200289Ia 4500
003 GCL
008 140319s9999 xx 000 0 ara d
040 _aGCL /
_cGCL
082 0 4 _aط
_b031
_bش ك
100 1 _aالشركة الشرقية للمطبوعات
245 1 0 _aكتاب المعرفة : الطبيعة والكيمياء /
_cالشركة الشرقية للمطبوعات
260 _aالقاهرة :
_bالشركة الشرقية للمطبوعات
300 _a160 ص ؛
_c30 سم
490 _aكتاب المعرفة
_v0
650 0 4 _aالضوء
650 0 4 _aالكيمياء
650 0 4 _aالصوت
650 0 4 _aالحرارة
650 0 4 _aالفيزياء
650 0 4 _aالفلك
650 0 4 _aالتعدين
650 0 4 _aالكيمياء العضوية
650 0 4 _aالكيمياء الحيوية
650 0 4 _aالذرة
650 0 4 _aالفيزياء الرياضية
942 _2ddc
_cBK
999 _c48072
_d48072